[Event "7th Asia-ch"]
[Site "Subic Bay PHI"]
[Date "2009.05.17"]
[Round "5"]
[White "Ganguly, Surya Shekhar"]
[Black "Mahjoob, Morteza"]
[Result "1-0"]
[WhiteElo "2625"]
[BlackElo "2498"]
[EventDate "2009.05.13"]
[PlyCount "119"]

1.e4 c6 2.d4 d5 3.Nc3 dxe4 4.Nxe4 Bf5 5.Ng3 Bg6 6.h4 h6 7.Nf3 Nd7 8.h5 Bh7
9.Bd3 Bxd3 10.Qxd3 Qc7 11.Bd2 Ngf6 12.O-O-O e6 13.Ne4 O-O-O 14.g3 Nxe4 15.
Qxe4 Nf6 16.Qe2 Bd6 17.c4 c5 18.Bc3 Rhe8 19.Ne5 cxd4 20.Bxd4 Bxe5 21.Bxe5 
Qa5 22.a3 Nd7 23.Bd6 Nf6 24.c5 Qa4 25.Rh4 Qc6 26.Kb1 Nd5 27.Rg4 Rg8 28.Rc1
Nf6 29.Rd4 Rd7 30.Qd2 Rgd8 31.Qa5 Qa6 32.Qc3 Ne8 33.g4 Qc6 34.Qa5 Qa6 35.
Qc3 Qc6 36.Rc4 f6 37.f4 Nc7 38.Qa5 Qa6 39.Qe1 Qc6 40.Re4 Re8 41.Qe2 Kd8 
42.Re1 Nb5 43.Rd1 Nxd6 44.cxd6 Rxd6 45.Rc4 Qd7 46.Rdc1 Rd2 47.Qe1 Qd3+ 48.
Ka1 Ke7 49.Rc7+ Kf8 50.g5 Qd4 51.Rxb7 fxg5 52.fxg5 hxg5 53.h6 gxh6 54.Qh1 
Qh4 55.Qf3+ Qf4 56.Qh5 Re7 57.Qxh6+ Kg8 58.Qg6+ Kf8 59.Rh1 Rxb7 60.Rh8+ 
1-0

[Event "7th Asia-ch"]
[Site "Subic Bay PHI"]
[Date "2009.05.17"]
[Round "5"]
[White "Hou Yifan"]
[Black "Bitoon, Richard"]
[Result "1/2-1/2"]
[WhiteElo "2590"]
[BlackElo "2479"]
[EventDate "2009.05.13"]
[PlyCount "183"]

1.e4 c5 2.Nf3 d6 3.d4 cxd4 4.Nxd4 Nf6 5.Nc3 Nc6 6.Bg5 e6 7.Qd2 Qb6 8.Bxf6 
gxf6 9.Nb3 a6 10.Be2 h5 11.f4 Bd7 12.O-O-O Na5 13.Nxa5 Qxa5 14.Kb1 O-O-O 
15.Bf3 Kb8 16.Rhe1 Be7 17.a3 Rc8 18.Re3 Bc6 19.f5 Bf8 20.g3 Qe5 21.Qe1 h4 
22.Red3 hxg3 23.hxg3 Rg8 24.Bh5 Rg7 25.Qf2 Be7 26.Re1 Rh8 27.g4 Bd8 28.
Red1 Bc7 29.Qd2 Rgh7 30.Re3 Rc8 31.Nd5 Bd8 32.Nb4 Bb6 33.Ree1 Rd8 34.Nd3 
Qg3 35.Nf4 e5 36.Nd5 Bxd5 37.Qxd5 Rd7 38.Re2 Qf3 39.Red2 Ka7 40.c3 Kb8 41.
Qc4 Bc7 42.Ka2 Qe3 43.Rd3 Qf2 44.R1d2 Qg1 45.Rd5 Qe3 46.Re2 Qf3 47.Red2 
Qe3 48.R5d3 Qg1 49.Qd5 Bb6 50.Qb3 Kc7 51.Rd5 Qe3 52.Qc4+ Kb8 53.R5d3 Qe1 
54.Qa4 Kc7 55.Rd5 Qe3 56.R2d3 Qe2 57.Qc4+ Kb8 58.Qa4 Kc7 59.Qb4 Bc5 60.
Qa5+ Bb6 61.Qa4 Ba7 62.Rd2 Qf1 63.Qb4 Bc5 64.Qa5+ Bb6 65.Qa4 Ba7 66.Qb4 
Bc5 67.Rxc5+ dxc5 68.Rxd7+ Kxd7 69.Qxb7+ Kd8 70.Qd5+ Ke8 71.Qc6+ Kf8 72.
Qxc5+ Kg7 73.Qd5 Kh6 74.Bxf7 Kg5 75.Qc4 Qc1 76.a4 Rh2 77.Qb3 a5 78.Ka3 
Kxg4 79.Bd5 Kf4 80.Ka2 Rh1 81.Ka3 Qa1+ 82.Qa2 Qd1 83.Qb3 Qd3 84.Ka2 Rh2 
85.Ka3 Qb1 86.Qa2 Qc1 87.Qb3 Qe3 88.Ka2 Qc5 89.Qa3 Qf2 90.Qb3 Qd2 91.Ka3 
Rg2 92.Ka2 1/2-1/2

[Event "7th Asia-ch"]
[Site "Subic Bay PHI"]
[Date "2009.05.17"]
[Round "5"]
[White "Al-Sayed, Mohamad Naser"]
[Black "Moradiabadi, Elshan"]
[Result "0-1"]
[WhiteElo "2496"]
[BlackElo "2526"]
[EventDate "2009.05.13"]
[PlyCount "66"]

1.d4 Nf6 2.c4 g6 3.g3 Bg7 4.Bg2 O-O 5.Nc3 d6 6.Nf3 Nc6 7.O-O Bf5 8.d5 Na5 
9.Nd4 Bd7 10.b3 Rb8 11.Qd3 c5 12.Nc2 a6 13.Bd2 b5 14.Rab1 Qc7 15.Ne3 Rfc8 
16.h3 Rb7 17.Kh2 Rcb8 18.Ne4 Nxe4 19.Bxe4 Bd4 20.Rbc1 bxc4 21.bxc4 Rb2 22.
Rc2 Ba4 23.Qa3 Bxc2 24.Bxa5 Qxa5 25.Qxa5 Bxe4 26.Re1 Bxe3 27.fxe3 Bf3 28.
Qc7 Bxe2 29.Qxb8+ Rxb8 30.Rxe2 Rb1 31.e4 f6 32.Kg2 Rc1 33.Rb2 Rxc4 0-1

[Event "7th Asia-ch"]
[Site "Subic Bay PHI"]
[Date "2009.05.17"]
[Round "5"]
[White "Al-Modiahki, Mohamad"]
[Black "Toufighi, Homayoon"]
[Result "0-1"]
[WhiteElo "2585"]
[BlackElo "2478"]
[EventDate "2009.05.13"]
[PlyCount "112"]

1.e4 e6 2.d4 d5 3.Nc3 Bb4 4.e5 c5 5.a3 Bxc3+ 6.bxc3 Qa5 7.Bd2 Qa4 8.Qb1 c4
9.h4 Ne7 10.h5 h6 11.Nf3 Nbc6 12.Rh4 Bd7 13.Rg4 Rg8 14.Rf4 O-O-O 15.g3 
Rdf8 16.Bh3 Kb8 17.Qd1 Bc8 18.Kf1 Ka8 19.Kg1 Nf5 20.Nh4 Nce7 21.Ng2 g5 22.
hxg6 fxg6 23.g4 g5 24.Rf3 h5 25.Ne3 Nxe3 26.Bxe3 hxg4 27.Rxf8 Rxf8 28.Bxg4
Rg8 29.Qd2 Qb5 30.Kg2 Qb2 31.Rh1 Qxa3 32.Bxg5 Qb2 33.f3 Nc6 34.Be3 a5 35.
Rd1 a4 36.Kf2 a3 37.Qc1 Qxc3 38.Qa1 Qb2 39.Qxb2 axb2 40.c3 b5 41.Rb1 b4 
42.Rxb2 b3 43.Rb1 Kb7 44.Ra1 Rh8 45.Bf4 Na7 46.Ke2 Nb5 47.Kd2 Bd7 48.Bg3 
Rc8 49.Bf2 Rc6 50.Bh5 Rc8 51.Bg4 Kc7 52.Be1 Rh8 53.Bg3 Rb8 54.Bf5 b2 55.
Ra2 Nxc3 56.Ra7+ Kb6 0-1

[Event "7th Asia-ch"]
[Site "Subic Bay PHI"]
[Date "2009.05.17"]
[Round "5"]
[White "Filippov, Anton"]
[Black "Harika, Dronavalli"]
[Result "1-0"]
[WhiteElo "2584"]
[BlackElo "2474"]
[EventDate "2009.05.13"]
[PlyCount "93"]

1.e4 e5 2.Nf3 Nc6 3.Bb5 Nf6 4.O-O Bc5 5.Nxe5 Nxe4 6.Qe2 Nxe5 7.Qxe4 Qe7 8.
d4 Nc6 9.Qxe7+ Bxe7 10.c3 a6 11.Ba4 d6 12.Re1 Be6 13.Nd2 Kd7 14.Ne4 Rhe8 
15.Bf4 d5 16.Ng5 Bxg5 17.Bxg5 b5 18.Bc2 Na5 19.Re2 Nc4 20.Bxh7 g6 21.Rae1 
Nd6 22.f3 Rh8 23.Bxg6 Rhg8 24.Bxf7 Bxf7 25.Re7+ Kc6 26.Bf4 Rae8 27.Kf2 
Rxe7 28.Rxe7 Bg6 29.g4 Bb1 30.Re1 Bd3 31.h4 Kd7 32.Bxd6 Kxd6 33.b4 a5 34.
a3 axb4 35.axb4 Ra8 36.Re3 Bb1 37.h5 Rh8 38.Kg3 c6 39.Kh4 Bc2 40.Kg5 Bd1 
41.Re1 Bc2 42.Re2 Bd3 43.Re5 Bc2 44.f4 Bd1 45.Kh4 Rg8 46.g5 Rf8 47.f5 1-0

[Event "7th Asia-ch"]
[Site "Subic Bay PHI"]
[Date "2009.05.17"]
[Round "5"]
[White "Zhou Weiqi"]
[Black "Gonzales, Jayson"]
[Result "1-0"]
[WhiteElo "2563"]
[BlackElo "2465"]
[EventDate "2009.05.13"]
[PlyCount "77"]

1.d4 d5 2.Nf3 Nc6 3.c4 Bg4 4.Nc3 e6 5.cxd5 exd5 6.Bf4 Bxf3 7.gxf3 Bd6 8.
Bg3 Nge7 9.e3 O-O 10.a3 f5 11.f4 Qd7 12.Qb3 Qe6 13.O-O-O Na5 14.Qa4 b6 15.
Bd3 c6 16.Rhe1 Kh8 17.f3 Qh6 18.Kb1 a6 19.e4 Nc4 20.Bxc4 b5 21.Qa5 dxc4 
22.e5 Bb8 23.d5 cxd5 24.Nxd5 Nxd5 25.Rxd5 Qc6 26.Red1 Bc7 27.Qb4 Rf7 28.
Bf2 h6 29.Qc5 Qe6 30.R5d2 Re8 31.h4 Rb8 32.Qd5 Qe8 33.e6 Re7 34.Bd4 Rxe6 
35.Rg2 Re7 36.Rxg7 Rxg7 37.Rg1 Be5 38.Bxe5 Qxe5 39.Qxe5 1-0

[Event "7th Asia-ch"]
[Site "Subic Bay PHI"]
[Date "2009.05.17"]
[Round "5"]
[White "Sadorra, Julio Catalino"]
[Black "Khamrakulov, Dzhurabek"]
[Result "1/2-1/2"]
[WhiteElo "2451"]
[BlackElo "2524"]
[EventDate "2009.05.13"]
[PlyCount "68"]

1.d4 Nf6 2.c4 e6 3.Nc3 d5 4.cxd5 exd5 5.Bg5 Be7 6.e3 c6 7.Qc2 Nbd7 8.Bd3 
O-O 9.Nge2 Re8 10.O-O Nf8 11.f3 Ng6 12.Rad1 h6 13.Bxf6 Bxf6 14.Bxg6 fxg6 
15.e4 dxe4 16.fxe4 Kh7 17.Kh1 Bg4 18.e5 Bg5 19.Ne4 Be7 20.Nf4 Bxd1 21.Rxd1
Qc8 22.e6 Kg8 23.Qb3 Bg5 24.e7+ Kh7 25.Nxg5+ hxg5 26.Ne6 Rxe7 27.Nxg5+ Kh6
28.Nf7+ Kh7 29.Ng5+ Kh6 30.Qg3 Kh5 31.Nh3 Qg4 32.Nf4+ Kg5 33.Nh3+ Kh5 34.
Nf4+ Kg5 1/2-1/2

[Event "7th Asia-ch"]
[Site "Subic Bay PHI"]
[Date "2009.05.17"]
[Round "5"]
[White "Iuldachev, Saidali"]
[Black "Bui Vinh"]
[Result "1/2-1/2"]
[WhiteElo "2497"]
[BlackElo "2522"]
[EventDate "2009.05.13"]
[PlyCount "132"]

1.e4 c5 2.Nf3 e6 3.d4 cxd4 4.Nxd4 a6 5.Nc3 Qc7 6.Be2 Nf6 7.O-O Nc6 8.Be3 
Bb4 9.Na4 Be7 10.Nxc6 bxc6 11.Nb6 Rb8 12.Nxc8 Qxc8 13.Bd4 c5 14.Be5 Rb6 
15.Qd3 d6 16.Bc3 O-O 17.b3 e5 18.Qe3 Qc6 19.Bd3 c4 20.Bxc4 Nxe4 21.Ba5 
Rbb8 22.Rad1 Nf6 23.Qd3 Ra8 24.Rfe1 Rfe8 25.Re2 e4 26.Qd4 Rac8 27.Be1 Bf8 
28.Bd5 Nxd5 29.Qxd5 Qc7 30.Ba5 Qa7 31.c4 e3 32.Bc3 Rc5 33.Qd4 exf2+ 34.
Rxf2 d5 35.b4 Re4 36.bxc5 Rxd4 37.Bxd4 dxc4 38.Rc1 Qb7 39.Rfc2 h5 40.Rxc4 
Qc6 41.h3 Be7 42.Bf2 Bf6 43.Re1 Kh7 44.Kh1 a5 45.a4 g5 46.Bg3 h4 47.Bh2 
Bg7 48.Rd1 Bf8 49.Bd6 Bg7 50.Rg4 Bf6 51.Rf1 Kg6 52.Rb1 Qd5 53.Rb6 Qd1+ 54.
Kh2 Kf5 55.Rb7 Bd4 56.Rxf7+ Kg6 57.Rf1 Qxf1 58.Rxd4 Qc1 59.Rg4 Kf7 60.Rd4 
Qc2 61.Rg4 Qb3 62.Rd4 Qc3 63.Re4 Qc2 64.Rg4 Qc3 65.Re4 Qc2 66.Rd4 Qc3 
1/2-1/2

[Event "7th Asia-ch"]
[Site "Subic Bay PHI"]
[Date "2009.05.17"]
[Round "5"]
[White "Antonio, Rogelio jr"]
[Black "Al-Huwar, Jasem"]
[Result "1-0"]
[WhiteElo "2518"]
[BlackElo "2293"]
[EventDate "2009.05.13"]
[PlyCount "111"]

1.e4 e6 2.d4 d5 3.Nc3 dxe4 4.Nxe4 Nd7 5.Nf3 Ngf6 6.Bd3 Nxe4 7.Bxe4 Nf6 8.
Bd3 c5 9.Be3 Qc7 10.Qe2 Be7 11.O-O-O a6 12.dxc5 Bxc5 13.Bxc5 Qxc5 14.Ne5 
O-O 15.Rhe1 b5 16.g4 Ra7 17.g5 Nd7 18.Nf3 Nb6 19.Qe4 g6 20.Ne5 Nd7 21.Qf4 
Nxe5 22.Rxe5 Qe7 23.Qf6 Rd8 24.h4 Rad7 25.Qxe7 Rxe7 26.Be4 Rxd1+ 27.Kxd1 
Rc7 28.c3 Kg7 29.Kd2 h6 30.Ke3 hxg5 31.hxg5 Kf8 32.f4 Ke7 33.a4 Bd7 34.
axb5 axb5 35.Bd3 Rb7 36.b4 Kd6 37.Rc5 Rb8 38.Kd4 Rb6 39.c4 bxc4 40.Kxc4 
Bc6 41.Ra5 Bd5+ 42.Kc3 Bb7 43.Bc4 Bd5 44.Be2 Bb7 45.Bd3 Bd5 46.b5 e5 47.
Ra6 Rxa6 48.fxe5+ Kxe5 49.bxa6 Bc6 50.Bc4 f6 51.gxf6 Kxf6 52.Kd4 Ke7 53.
Kc5 Kd7 54.Kb6 Bf3 55.a7 g5 56.Ba6 1-0

[Event "7th Asia-ch"]
[Site "Subic Bay PHI"]
[Date "2009.05.17"]
[Round "5"]
[White "Irwanto, Sadikin"]
[Black "Kazhgaleev, Murtas"]
[Result "1/2-1/2"]
[WhiteElo "2447"]
[BlackElo "2626"]
[EventDate "2009.05.13"]
[PlyCount "98"]

1.d4 d6 2.Nf3 g6 3.c4 Bg7 4.Nc3 Bg4 5.g3 Qc8 6.h3 Bd7 7.Bg2 Nf6 8.e4 O-O 
9.Be3 c5 10.dxc5 Na6 11.e5 dxe5 12.Nxe5 Be8 13.O-O Nxc5 14.Nd5 Nxd5 15.
Qxd5 Na4 16.b3 Nc3 17.Qa5 Ne2+ 18.Kh2 Qd8 19.Qxd8 Rxd8 20.Rae1 Nd4 21.Bxd4
Rxd4 22.Bxb7 Rd2 23.Nf3 Rxa2 24.Rxe7 Bf6 25.Rc7 Bd8 26.Rc8 Bd7 27.Rc5 Bb6 
28.Rd5 Be6 29.Rd2 Rxd2 30.Nxd2 Rb8 31.Bd5 Bxd5 32.cxd5 Rd8 33.Ne4 f5 34.
Nc3 Ba5 35.Rc1 Rb8 36.Na4 Rxb3 37.Rc5 Be1 38.Kg2 Ra3 39.d6 Rd3 40.Rc8+ Kg7
41.Rc7+ Kf6 42.d7 Ke7 43.Nc5 Rd5 44.Kf1 Ba5 45.d8=Q+ Kxd8 46.Ne6+ Ke8 47.
Rxa7 Rd1+ 48.Kg2 Bb6 49.Rb7 Rd6 1/2-1/2

[Event "7th Asia-ch"]
[Site "Subic Bay PHI"]
[Date "2009.05.17"]
[Round "5"]
[White "Hafizulhelmi, Mas"]
[Black "Nguyen Ngoc Truong Son"]
[Result "0-1"]
[WhiteElo "2421"]
[BlackElo "2588"]
[EventDate "2009.05.13"]
[PlyCount "80"]

1.e4 e6 2.d4 d5 3.exd5 exd5 4.Nf3 Nc6 5.Bb5 Bd6 6.c4 dxc4 7.d5 a6 8.Ba4 b5
9.dxc6 bxa4 10.Qxa4 Ne7 11.O-O O-O 12.Nbd2 Rb8 13.a3 Bg4 14.h3 Bh5 15.Qxc4
Rb5 16.b4 Nxc6 17.Bb2 Ne5 18.Nxe5 Bxe5 19.Bxe5 Rxe5 20.Ne4 Rfe8 21.Ng3 Bg6
22.Rfd1 Qf6 23.Rac1 h5 24.h4 Kh7 25.a4 R8e6 26.f3 Re3 27.Kh2 Ra3 28.b5 
axb5 29.axb5 Re5 30.Rd7 Ra5 31.Rxc7 Rexb5 32.Rc6 Qb2 33.Qf1 Rb4 34.R6c4 
Raa4 35.R1c3 f6 36.Ne4 Rxc4 37.Rxc4 Ra2 38.Qg1 Qe2 39.Rd4 Qxf3 40.Nd2 Rxd2
0-1

[Event "7th Asia-ch"]
[Site "Subic Bay PHI"]
[Date "2009.05.17"]
[Round "5"]
[White "Yu Yangyi"]
[Black "Torre, Eugenio"]
[Result "1-0"]
[WhiteElo "2433"]
[BlackElo "2561"]
[EventDate "2009.05.13"]
[PlyCount "63"]

1.e4 Nf6 2.Nc3 d5 3.e5 Ne4 4.Nce2 f6 5.d3 Ng5 6.Nf4 e6 7.Nf3 Nf7 8.exf6 
gxf6 9.d4 c6 10.Bd3 Bd6 11.Nh5 Na6 12.O-O Nb4 13.Re1 Nxd3 14.Qxd3 Kf8 15.
Bf4 Bxf4 16.Nxf4 Qd6 17.Qe3 Ke7 18.c4 dxc4 19.Rad1 Kf8 20.Nd2 b5 21.Ne4 
Qe7 22.Nc5 e5 23.d5 cxd5 24.Nxd5 Qd6 25.Ne4 Qc6 26.Qa3+ Kg7 27.Nexf6 Bf5 
28.Nh5+ Kh6 29.Ne7 Qe6 30.Nf4 Qf6 31.Nfd5 Qg5 32.h4 1-0

[Event "7th Asia-ch"]
[Site "Subic Bay PHI"]
[Date "2009.05.17"]
[Round "5"]
[White "Akshayraj, Kore"]
[Black "Hossain, Enamul"]
[Result "0-1"]
[WhiteElo "2404"]
[BlackElo "2531"]
[EventDate "2009.05.13"]
[PlyCount "80"]

1.b3 c5 2.Bb2 d5 3.e3 Nf6 4.Nf3 g6 5.Bb5+ Nbd7 6.Nc3 e6 7.Na4 Be7 8.h4 Qa5
9.c4 dxc4 10.bxc4 a6 11.Bc3 Qd8 12.Bxd7+ Bxd7 13.Ne5 O-O 14.h5 Bxa4 15.
Qxa4 Nxh5 16.Rb1 f6 17.Ng4 Rb8 18.Qc2 b5 19.Qe4 Qd7 20.Nh6+ Kg7 21.g4 Kxh6
22.gxh5 g5 23.f4 g4 24.f5 exf5 25.Qf4+ Kg7 26.O-O b4 27.Qg5+ Kf7 28.Qh6 
Rh8 29.Ba1 Rbg8 30.e4 Rg5 31.Rbe1 Qxd2 32.exf5 g3 33.Rxe7+ Kxe7 34.Qxf6+ 
Kd7 35.Qe6+ Kc7 36.Be5+ Kb7 37.Qf7+ Ka8 38.Qd5+ Qxd5 39.cxd5 Rf8 40.d6 Rf7
0-1

[Event "7th Asia-ch"]
[Site "Subic Bay PHI"]
[Date "2009.05.17"]
[Round "5"]
[White "Paragua, Mark"]
[Black "Nguyen Thanh Son"]
[Result "1/2-1/2"]
[WhiteElo "2529"]
[BlackElo "2362"]
[EventDate "2009.05.13"]
[PlyCount "117"]

1.e4 c5 2.Nf3 d6 3.d4 cxd4 4.Nxd4 Nf6 5.Nc3 a6 6.Be3 e5 7.Nb3 Be6 8.Qd2 
Nbd7 9.f3 Be7 10.O-O-O O-O 11.g4 Nb6 12.g5 Nh5 13.Kb1 Rc8 14.Nd5 Nxd5 15.
exd5 Bf5 16.Rc1 Qd7 17.Rg1 g6 18.Ka1 f6 19.gxf6 Bxf6 20.c4 Nf4 21.c5 Kh8 
22.Bc4 Bg7 23.Rgd1 Bh3 24.c6 bxc6 25.Bxa6 Nxd5 26.Bxc8 Rxc8 27.Bh6 Bxh6 
28.Qxh6 Be6 29.Na5 Bg8 30.Qh4 Kg7 31.Qa4 Nb6 32.Qa3 c5 33.f4 exf4 34.Qc3+ 
Kh6 35.Rd3 Nd5 36.Qd2 Qe6 37.Nc4 Ra8 38.a3 Re8 39.b3 Kg7 40.Rd1 Qf6+ 41.
Qb2 Re2 42.Qxf6+ Kxf6 43.Nxd6 Ne3 44.R1d2 Rxd2 45.Ne4+ Ke5 46.Nxd2 Bd5 47.
a4 Nc2+ 48.Kb2 Nb4 49.Rc3 Kd4 50.a5 h6 51.Nf3+ Bxf3 52.Rxf3 g5 53.Rh3 g4 
54.Rxh6 f3 55.a6 Nxa6 56.Rxa6 f2 57.Rf6 Ke3 58.Kc3 Ke2 59.Re6+ 1/2-1/2

[Event "7th Asia-ch"]
[Site "Subic Bay PHI"]
[Date "2009.05.17"]
[Round "5"]
[White "Pak, Evgeny"]
[Black "Deepan Chakravarthy, Jeyakumar"]
[Result "1/2-1/2"]
[WhiteElo "2328"]
[BlackElo "2482"]
[EventDate "2009.05.13"]
[PlyCount "76"]

1.d4 e6 2.c4 b6 3.a3 Bb7 4.Nc3 Nf6 5.Nf3 d5 6.cxd5 Nxd5 7.Qc2 c5 8.e4 Nxc3
9.bxc3 Nc6 10.Be3 cxd4 11.cxd4 Rc8 12.Qa4 Be7 13.Ne5 O-O 14.Ba6 Nxe5 15.
Bxb7 Rc7 16.Ba6 Ng4 17.Bf4 Rd7 18.Rd1 e5 19.Bxe5 Nxe5 20.dxe5 Rxd1+ 21.
Qxd1 Qc7 22.O-O Qxe5 23.Qa4 Qb2 24.Qd7 Qxa3 25.Qxa7 Bc5 26.Qb7 Qa2 27.Bb5 
g6 28.Bc6 Qb2 29.g3 f5 30.exf5 Rxf5 31.Bf3 Kf8 32.Kg2 Rf7 33.Qd5 Kg7 34.g4
h6 35.h4 Qf6 36.Rh1 Qb2 37.Rf1 Qf6 38.Rh1 Qb2 1/2-1/2

[Event "7th Asia-ch"]
[Site "Subic Bay PHI"]
[Date "2009.05.17"]
[Round "5"]
[White "Nolte, Rolando"]
[Black "Nguyen Van Huy"]
[Result "1-0"]
[WhiteElo "2479"]
[BlackElo "2423"]
[EventDate "2009.05.13"]
[PlyCount "73"]

1.d4 Nf6 2.c4 g6 3.Nc3 Bg7 4.e4 d6 5.Nf3 O-O 6.Be2 e5 7.O-O Nc6 8.d5 Ne7 
9.b4 Nd7 10.Bd2 f5 11.Ng5 Nf6 12.f3 c6 13.Qb3 h6 14.Ne6 Bxe6 15.dxe6 Qc8 
16.c5 d5 17.exd5 cxd5 18.Nb5 Ne8 19.Nd6 Qb8 20.Nf7 Kh7 21.Bb5 a6 22.Bxe8 
Qxe8 23.Rae1 e4 24.fxe4 dxe4 25.Qh3 Ng8 26.Rxf5 Rd8 27.Ng5+ Kh8 28.Rxf8 
Qxf8 29.Nf7+ Kh7 30.Nxd8 Qxd8 31.Bc3 Bd4+ 32.Bxd4 Qxd4+ 33.Qe3 Qxb4 34.
Qxe4 Qxc5+ 35.Kh1 Qe7 36.Qe5 Nf6 37.Qxf6 1-0

[Event "7th Asia-ch"]
[Site "Subic Bay PHI"]
[Date "2009.05.17"]
[Round "5"]
[White "Villamayor, Buenaventura"]
[Black "Murshed, Niaz"]
[Result "0-1"]
[WhiteElo "2474"]
[BlackElo "2407"]
[EventDate "2009.05.13"]
[PlyCount "64"]

1.d4 Nf6 2.Nf3 d5 3.c4 e6 4.Nc3 Bb4 5.Qa4+ Nc6 6.e3 O-O 7.Bd3 dxc4 8.Bxc4 
Bd6 9.O-O e5 10.d5 Ne7 11.e4 a6 12.Re1 h6 13.Bf1 Bd7 14.Qb3 b5 15.a4 b4 
16.Nb1 c6 17.Nbd2 Bg4 18.Bc4 cxd5 19.exd5 Qc7 20.h3 Bc8 21.Ne4 Nxe4 22.
Rxe4 Bf5 23.Re1 Rfc8 24.Nd2 Ng6 25.Qf3 Qd7 26.b3 Re8 27.g4 Bc2 28.Ra2 e4 
29.Qf5 Qd8 30.Nf3 exf3 31.Rxe8+ Qxe8 32.Rxc2 Nh4 0-1

[Event "7th Asia-ch"]
[Site "Subic Bay PHI"]
[Date "2009.05.17"]
[Round "5"]
[White "Megaranto, Susanto"]
[Black "Novita, Anjas"]
[Result "1-0"]
[WhiteElo "2553"]
[BlackElo "2345"]
[EventDate "2009.05.13"]
[PlyCount "105"]

1.d4 d5 2.Bg5 Bf5 3.Nf3 Nc6 4.e3 Qd7 5.Bd3 O-O-O 6.a3 f6 7.Bf4 g5 8.Bg3 h5
9.h3 e6 10.Nc3 Bd6 11.Bxd6 Qxd6 12.Bxf5 exf5 13.Qd3 Nge7 14.O-O-O Kb8 15.
Kb1 Na5 16.h4 g4 17.Ng1 f4 18.exf4 Qxf4 19.Nge2 Qd6 20.g3 Nc4 21.Nf4 Qb6 
22.Na4 Qa5 23.Nc5 Nc8 24.Rhe1 N8b6 25.Ka2 Rd6 26.Qb3 Nd2 27.Qb4 Qxb4 28.
axb4 Nf3 29.Re7 Nc4 30.Nxh5 b6 31.Na6+ Kb7 32.b5 Rc8 33.Nf4 Rdd8 34.Nb4 
Nd6 35.Nbxd5 f5 36.Ne3 Ne4 37.Nxf5 Re8 38.Rxe8 Rxe8 39.Nd3 Rf8 40.Ne3 Nxd4
41.Kb1 Nxb5 42.Nxg4 c5 43.Re1 Nbd6 44.h5 c4 45.Nf4 c3 46.h6 Rf5 47.b4 Rb5 
48.h7 Rxb4+ 49.Kc1 Nf7 50.Nd5 Ra4 51.Nxc3 Ra1+ 52.Nb1 Neg5 53.f4 1-0

[Event "7th Asia-ch"]
[Site "Subic Bay PHI"]
[Date "2009.05.17"]
[Round "5"]
[White "Zhou Jianchao"]
[Black "Lou Yiping"]
[Result "1-0"]
[WhiteElo "2635"]
[BlackElo "2410"]
[EventDate "2009.05.13"]
[PlyCount "93"]

1.d4 Nf6 2.c4 e6 3.Nc3 Bb4 4.Bg5 h6 5.Bh4 c5 6.d5 d6 7.e3 Bxc3+ 8.bxc3 Qe7
9.Nf3 g5 10.Bg3 e5 11.Nd2 Bf5 12.h4 Rh7 13.f3 Bg6 14.Bf2 e4 15.hxg5 hxg5 
16.Rxh7 Bxh7 17.Qb3 exf3 18.gxf3 g4 19.O-O-O Nbd7 20.Bh4 gxf3 21.Re1 Qe5 
22.Nxf3 Qe4 23.Be2 O-O-O 24.Bg5 Rg8 25.Kb2 Ne5 26.Nxe5 Qxe5 27.Bf4 Qf5 28.
Ka1 Rg2 29.Bf1 Rf2 30.Qa3 Qc2 31.Rc1 Qd2 32.Bg3 Rf3 33.Bxd6 Ne4 34.Bf4 Bf5
35.Bg2 Qxg2 36.Qxa7 Rf1 37.Qb8+ Kd7 38.Qxb7+ Ke8 39.Qb8+ Ke7 40.d6+ Nxd6 
41.Qxd6+ Ke8 42.Qb8+ Ke7 43.Qe5+ Kf8 44.Qh8+ Ke7 45.Bg5+ Kd6 46.Qb8+ Ke6 
47.Qe8+ 1-0

[Event "7th Asia-ch"]
[Site "Subic Bay PHI"]
[Date "2009.05.17"]
[Round "5"]
[White "Jia Haoxiang"]
[Black "Nguyen Anh Dung"]
[Result "0-1"]
[WhiteElo "2344"]
[BlackElo "2518"]
[EventDate "2009.05.13"]
[PlyCount "82"]

1.d4 Nf6 2.Nf3 e6 3.c4 b6 4.g3 Ba6 5.Qc2 c5 6.d5 exd5 7.cxd5 g6 8.e4 Bxf1 
9.Kxf1 d6 10.Kg2 Bg7 11.Nc3 O-O 12.a4 Re8 13.Re1 Na6 14.Bf4 Nb4 15.Qd2 c4 
16.Nb5 Nd3 17.Nxd6 Re7 18.e5 Nxd5 19.Bg5 f6 20.exf6 Bxf6 21.Rxe7 Qxe7 22.
Nxc4 Rd8 23.Rd1 Bxg5 24.Qxg5 N5f4+ 25.gxf4 Qxg5+ 26.fxg5 Nf4+ 27.Kg3 Ne2+ 
28.Kg4 Rxd1 29.Nfe5 Nd4 30.h4 Ra1 31.a5 bxa5 32.Kf4 Ra4 33.h5 Nc6 34.b3 
Nxe5 35.Kxe5 Rb4 36.hxg6 hxg6 37.Nd2 Kf8 38.f4 Ke7 39.Nf3 Rxb3 40.Nd4 Re3+
41.Kd5 Rd3 0-1

[Event "7th Asia-ch"]
[Site "Subic Bay PHI"]
[Date "2009.05.17"]
[Round "5"]
[White "Wang Rui"]
[Black "Wahono, Awam"]
[Result "0-1"]
[WhiteElo "2434"]
[BlackElo "2391"]
[EventDate "2009.05.13"]
[PlyCount "98"]

1.d4 Nf6 2.c4 e6 3.Nc3 Bb4 4.e3 c5 5.Bd3 O-O 6.Nf3 b6 7.a3 Bxc3+ 8.bxc3 
Bb7 9.O-O d6 10.Re1 Nc6 11.Bb2 e5 12.Nd2 Re8 13.Qc2 Qe7 14.f3 Na5 15.d5 
Ba6 16.Kh1 Kh8 17.a4 Rg8 18.Bc1 Rae8 19.g4 g6 20.Kg2 e4 21.Nxe4 Nxe4 22.
Bxe4 f5 23.Bd3 fxg4 24.f4 Qh4 25.Qf2 Qh3+ 26.Kg1 Bxc4 27.Bxc4 Nxc4 28.e4 
Rgf8 29.Qg3 Qxg3+ 30.hxg3 Rf7 31.Ra2 Rfe7 32.Rae2 Kg8 33.Kf1 a6 34.Kf2 Kf7
35.Kf1 b5 36.axb5 axb5 37.Kg2 h5 38.Kf1 Kf6 39.Kg1 b4 40.cxb4 cxb4 41.e5+ 
Kf5 42.Re4 Rc8 43.Kf2 b3 44.R4e2 Rc5 45.exd6 Rxe2+ 46.Rxe2 Rxd5 47.Re8 
Rxd6 48.Rc8 b2 49.Rc5+ Ke6 0-1

[Event "7th Asia-ch"]
[Site "Subic Bay PHI"]
[Date "2009.05.17"]
[Round "5"]
[White "Pascua, Haridas"]
[Black "Wan Yunguo"]
[Result "1/2-1/2"]
[WhiteElo "2359"]
[BlackElo "2434"]
[EventDate "2009.05.13"]
[PlyCount "61"]

1.d4 Nf6 2.c4 g6 3.Nc3 Bg7 4.e4 d6 5.Nf3 O-O 6.Be2 e5 7.O-O Nc6 8.d5 Ne7 
9.b4 a5 10.Ba3 Nd7 11.bxa5 Rxa5 12.Bb4 Ra6 13.a4 f5 14.Nd2 Kh8 15.Nb3 Nf6 
16.c5 fxe4 17.Bxa6 bxa6 18.Na5 Bg4 19.Qd2 Qd7 20.Nc4 Nf5 21.Rae1 Bf3 22.
cxd6 cxd6 23.Nxe5 dxe5 24.Bxf8 Bxf8 25.Qg5 Kg7 26.gxf3 h6 27.Qg2 Nh4 28.
Qg3 Nxf3+ 29.Kh1 Nh5 30.Qg2 Nf4 31.Qg3 1/2-1/2

[Event "7th Asia-ch"]
[Site "Subic Bay PHI"]
[Date "2009.05.17"]
[Round "5"]
[White "Xiu Deshun"]
[Black "Hoang Canh Huan"]
[Result "1-0"]
[WhiteElo "2422"]
[BlackElo "2378"]
[EventDate "2009.05.13"]
[PlyCount "77"]

1.d4 c5 2.d5 Nf6 3.c4 e6 4.Nc3 exd5 5.cxd5 d6 6.Nf3 g6 7.Nd2 Nbd7 8.e4 Bg7
9.Nc4 Nb6 10.Ne3 Qe7 11.Bd3 O-O 12.O-O a6 13.a4 Qc7 14.f4 c4 15.Be2 Re8 
16.Bf3 h5 17.h3 Qc5 18.Kh1 Nh7 19.a5 Nd7 20.Qa4 Bd4 21.Nxc4 Ndf6 22.Nxd6 
Bd7 23.Qa3 Qxa3 24.Rxa3 Reb8 25.Rb3 Bc5 26.Nxb7 Bd4 27.e5 Bxc3 28.bxc3 Bb5
29.Re1 Rxb7 30.d6 Rbb8 31.Bxa8 Rxa8 32.exf6 Nxf6 33.Re5 Bd7 34.Be3 h4 35.
Rb7 Bc6 36.Rc7 Ba4 37.Bd4 Rb8 38.Kh2 Rb1 39.d7 1-0

[Event "7th Asia-ch"]
[Site "Subic Bay PHI"]
[Date "2009.05.17"]
[Round "5"]
[White "Zhang Ziyang"]
[Black "Bancod, Ronald"]
[Result "0-1"]
[WhiteElo "2419"]
[BlackElo "2356"]
[EventDate "2009.05.13"]
[PlyCount "86"]

1.d4 Nf6 2.Nf3 e6 3.c4 Bb4+ 4.Nbd2 b6 5.a3 Bxd2+ 6.Qxd2 Bb7 7.e3 O-O 8.Be2
d6 9.b4 a5 10.b5 Nbd7 11.Bb2 Ne4 12.Qc2 f5 13.O-O Ng5 14.d5 Nxf3+ 15.Bxf3 
e5 16.g3 Qe7 17.Bg2 Rae8 18.Rae1 Bc8 19.Bc3 e4 20.f4 exf3 21.Bxf3 Qg5 22.
Bd4 Ne5 23.Bg2 Re7 24.Qc3 Ng4 25.Bf3 Nf6 26.Qb2 Bd7 27.Qg2 Rfe8 28.Qb2 Ne4
29.Bd1 h5 30.Qg2 h4 31.Rf3 hxg3 32.hxg3 Qh6 33.Rf4 g5 34.Rff1 g4 35.Bc2 
Ng5 36.Bxf5 Nh3+ 37.Kh1 Bxf5 38.Rxf5 Rh7 39.Qh2 Qg6 40.Qc2 Ng5+ 41.Kg2 Ne4
42.Rff1 Rh3 43.Rf2 Qh5 0-1

[Event "7th Asia-ch"]
[Site "Subic Bay PHI"]
[Date "2009.05.17"]
[Round "5"]
[White "Yu Lie"]
[Black "Ashwin, Jayaram"]
[Result "1/2-1/2"]
[WhiteElo "2307"]
[BlackElo "2413"]
[EventDate "2009.05.13"]
[PlyCount "149"]

1.d4 d5 2.c4 c6 3.Nc3 e6 4.cxd5 exd5 5.Nf3 Bf5 6.Bf4 Bd6 7.Bg3 Nf6 8.e3 
O-O 9.Nh4 Be4 10.Bd3 Re8 11.O-O Bxg3 12.hxg3 Nbd7 13.Nf5 Bxd3 14.Qxd3 Ne4 
15.f3 Nxc3 16.Qxc3 Qg5 17.e4 dxe4 18.Nd6 Re6 19.Nxe4 Qd5 20.Rfe1 Rae8 21.
g4 Nb6 22.b3 Qd8 23.Qd2 Nd5 24.Nc5 R6e7 25.Rxe7 Qxe7 26.Ne4 h6 27.Re1 Kf8 
28.Re2 Qb4 29.Qxb4+ Nxb4 30.Kf2 b6 31.a3 Nd5 32.b4 Re6 33.g3 Ke7 34.g5 
hxg5 35.Nxg5 Rxe2+ 36.Kxe2 b5 37.Ne4 Nb6 38.Nd2 Kd6 39.Kd3 Kd5 40.Ne4 Nc4 
41.Nc3+ Kd6 42.Nb1 f5 43.g4 Ke6 44.gxf5+ Kxf5 45.d5 cxd5 46.Nc3 Nxa3 47.
Nxd5 Ke5 48.Nc7 g6 49.Ke3 Nc2+ 50.Kd2 Nxb4 51.Nxb5 a6 52.Nc3 Kf4 53.Ke2 a5
54.Kf2 Nd3+ 55.Ke2 Nc5 56.Nd5+ Kg3 57.f4 a4 58.Kd2 a3 59.Kc2 Nd3 60.Kb3 
Nxf4 61.Nf6 Ne6 62.Kxa3 Kf4 63.Kb2 Kf5 64.Ng8 g5 65.Kc3 Kf4 66.Nf6 Ke3 67.
Ng4+ Ke4 68.Kd2 Nd4 69.Ke1 Kf3 70.Nf6 Nc2+ 71.Kf1 Ne3+ 72.Kg1 Kf4 73.Nh7 
g4 74.Nf6 g3 75.Nh5+ 1/2-1/2

[Event "7th Asia-ch"]
[Site "Subic Bay PHI"]
[Date "2009.05.17"]
[Round "5"]
[White "Gundavaa, Bayarsaihan"]
[Black "Olay, Edgar Reggie"]
[Result "1-0"]
[WhiteElo "2461"]
[BlackElo "2348"]
[EventDate "2009.05.13"]
[PlyCount "97"]

1.d4 d5 2.Nf3 c6 3.c4 dxc4 4.e3 Be6 5.Nbd2 Nf6 6.Nxc4 c5 7.Nce5 a6 8.Bd3 
cxd4 9.Qa4+ Nbd7 10.exd4 b5 11.Qd1 g6 12.O-O Bg7 13.a4 b4 14.a5 Nxe5 15.
dxe5 Nd7 16.Be4 Rb8 17.Ng5 Bc4 18.e6 fxe6 19.Qf3 Bf6 20.Re1 Rb5 21.Qg3 Qb8
22.Qg4 Ne5 23.Qh3 Bxg5 24.Bxg5 O-O 25.b3 Bd5 26.Bxd5 exd5 27.Qe6+ Nf7 28.
Bxe7 Re8 29.Qxa6 d4 30.Rad1 d3 31.Rxd3 Re5 32.Rxe5 Qxe5 33.Re3 Qc7 34.Bxb4
Rxe3 35.fxe3 Qc1+ 36.Qf1 Qxe3+ 37.Kh1 Qxb3 38.Bc5 Qd5 39.Bb6 Qc6 40.Bg1 
Nd6 41.a6 Nb5 42.a7 Nc7 43.h3 h5 44.Qf4 Na8 45.Bd4 h4 46.Qf6 Qxf6 47.Bxf6 
Kf7 48.Bxh4 Ke6 49.Kh2 1-0